| 000 | 01158cam a2200265 i 4500 | ||
|---|---|---|---|
| 003 | SA-RiAUC | ||
| 005 | 20241214083530.0 | ||
| 008 | 241214s1981 iq g i 000 0 ara c | ||
| 040 |
_aSA-RiKSU _bara _cSA-RiAUC _erda |
||
| 082 | 0 | 4 | _a236.8 |
| 090 |
_a236.8 _bس ل ف |
||
| 100 | 1 |
_aالسلفي، حمدي بن عبد المجيد بن إسماعيل، _d1931-2012 _eمؤلف. |
|
| 245 | 1 | 0 |
_aمرشد المحتار إلى ما في مسند الإمام أحمد بن حنبل من الأحاديث والآثار / _cحمدي عبد المجيد السلفي. |
| 264 | 1 |
_aبغداد : _bدار الإرشاد، _c1981 |
|
| 300 |
_aمجلد ؛ _c24 سم |
||
| 336 |
_aنص _btxt _2rdacontent _3كتاب |
||
| 337 |
_aبدون وسيط _bn _2rdamedia |
||
| 338 |
_aمجلد _bnc _2rdacarrier |
||
| 650 | 7 |
_aالحديث _xالمسانيد _2aucsh |
|
| 650 | 7 |
_aالحديث _xمسند ابن حنبل _vكشافات _2aucsh |
|
| 700 | 1 | 2 |
_aالإمام ابن حنبل، أحمد محمد بن حنبل، _d164-241 هجري |
| 740 | 0 | 2 | _aمسند الإمام أحمد ابن حنبل. |
| 942 |
_2ddc _cBOOK _n0 |
||
| 949 |
_aSA-JeALM _d241214 _umohamedma123 _n1 |
||
| 999 |
_c3486 _d3486 |
||